Jorge Manrique en la poesía contemporánea (Record no. 185307)

MARC details
000 -LEADER
campo de control de longitud fija 01266nam a2200289 i 4500
001 - NÚMERO DE CONTROL
campo de control 185307
003 - IDENTIFICADOR DE NÚMERO DE CONTROL
campo de control ES-MaACL
005 - FECHA Y HORA DE LA ÚLTIMA TRANSACCIÓN
campo de control 20250618124655.0
008 - DATOS DE LONGITUD FIJA--INFORMACIÓN GENERAL
campo de control de longitud fija 160511s2015 sp |||| | spa d
020 ## - NÚMERO INTERNACIONAL ESTÁNDAR DEL LIBRO
Número Internacional Estándar del Libro 978-84-7788-664-8
080 ## - NÚMERO DE LA CLASIFICACIÓN DECIMAL UNIVERSAL
Número de la Clasificación Decimal Universal 821.134.2-1(082.2)"19"
080 ## - NÚMERO DE LA CLASIFICACIÓN DECIMAL UNIVERSAL
Número de la Clasificación Decimal Universal 821.134.2(7/8)-1(082.2)"19"
245 00 - MENCIÓN DEL TÍTULO
Título Jorge Manrique en la poesía contemporánea
Resto del título : (antología 1950-2016) /
Mención de responsabilidad, etc. [selección de textos], José Manuel Ortega Cézar ; prólogo de Luis Alberto de Cuenca.
260 ## - PUBLICACIÓN, DISTRIBUCIÓN, ETC.
Lugar de publicación, distribución, etc. [Toledo] :
Nombre del editor, distribuidor, etc. Consejería de Educación, Cultura y Deportes,
Fecha de publicación, distribución, etc. [2015]
300 ## - DESCRIPCIÓN FÍSICA
Extensión 384 p. ;
Dimensiones 24 cm.
500 ## - NOTA GENERAL
Nota general Índice.
600 #0 - PUNTO DE ACCESO ADICIONAL DE MATERIA--NOMBRE DE PERSONA
Nombre de persona Manrique, Jorge,
Fechas asociadas al nombre 1440?-1479
9 (RLIN) 178074
650 #4 - PUNTO DE ACCESO ADICIONAL DE MATERIA--TÉRMINO DE MATERIA
Término de materia o nombre geográfico como elemento de entrada Poesías españolas-
Subdivisión cronológica S.XX.
9 (RLIN) 16221
650 #4 - PUNTO DE ACCESO ADICIONAL DE MATERIA--TÉRMINO DE MATERIA
Término de materia o nombre geográfico como elemento de entrada Poesía hispanoamericana-
Subdivisión cronológica S.XX
9 (RLIN) 16227
700 1# - ENTRADA AGREGADA--NOMBRE PERSONAL
Nombre de persona Ortega Cézar, José Manuel.
9 (RLIN) 159546
700 1# - ENTRADA AGREGADA--NOMBRE PERSONAL
Nombre de persona Cuenca, Luis Alberto de,
Fechas asociadas al nombre 1950-
9 (RLIN) 240908
710 1# - ENTRADA AGREGADA--NOMBRE DE ENTIDAD CORPORATIVA
Nombre de entidad corporativa o nombre de jurisdicción como elemento de entrada Castilla-La Mancha.
Unidad subordinada Consejería de Educación, Cultura y Deportes.
9 (RLIN) 159547
852 ## - LOCALIZACIÓN
Ubicación ES-MaACL
Número de control de estantería A-13754
itemnumber 192330
Sublocalización o colección R.151106
Ubicación en estantería Depósito 1
Signatura antigua Olim: N-6754
Anotaciones manuscritas Dedicatoria autógrafa del seleccionador
Donativo/Legado Donación: José Manuel Ortega Cézar
903 ## - NOMBRE PERSONAL DE DONANTE
9 159546
a Ortega Cézar, José Manuel
e Donante
942 ## - ELEMENTOS DE ENTRADA SECUNDARIOS (KOHA)
Fuente del sistema de clasificación o colocación Clasificación decimal universal
Tipo de ítem Koha Libro impreso
Holdings
Estatus retirado Estado de pérdida Fuente del sistema de clasificación o colocación Estado de daño No para préstamo Colección Biblioteca de origen Biblioteca actual Ubicación en estantería Fecha de adquisición Fuente de adquisición Total de préstamos Signatura topográfica completa Código de barras Visto por última vez Precio de reemplazo Tipo de ítem Koha Nota pública
    Clasificación decimal universal     Libros con dedicatorias Biblioteca del Ateneo de Madrid Biblioteca del Ateneo de Madrid Depósito 1 11/05/2016 Donación   A-13754 1195234 23/02/2023 23/02/2023 Libro impreso Dedicatoria autógrafa de José Manuel Ortega Cézar